000 00723nam a2200217Ia 4500
003 GCL
005 20240530095315.0
008 140319s9999 xx 000 0 ara d
020 _a396063977
040 _aGCL /
_cGCL
082 0 4 _a411.7
_bق/ع ل
100 1 _aعلاء شلقامى
245 1 0 _aلغةالبرديات فى مصر :
_bتأصيل ودراسة دلالية ومعجم /
_cعلاء شلقامى
260 _aالقاهرة :
_bدار فرحة للنشر والتوزيع ،
_c2003
300 _a172 ص ؛
_c24 سم
650 0 4 _aالحضارة الفرعونية
650 0 4 _aالبردى
650 0 4 _aالمخطوطات
650 0 4 _aالكتابة الهيروغليفية
942 _2ddc
_cBK
999 _c6006
_d6006